01220nam a2200313 a 450000100060000000300080000600500170001400800410003102000180007202000150009003500190010504000270012404100130015106600070016408200260017109000220019710000500021924501330026926000510040230000340045349000510048750400640053865000250060270000280062783000600065594200120071599900170072795201620074457873BD-RJUL20211209080548.0161212s2010 ja a b 001 0 eng d a9784924971288 a4924971286 a(BD-RJUL)57997 aPVYcPVYdBD-RJULbeng1 aenghjpn c$1 223a305.452bTON 2010 aHQ1762b.T33 20101 aToshiaki, Tachibanaki,d1943-6880-01917190014aThe new paradox for Japanese women :bgreater choice, greater inequality /cTachibanaki Toshiaki ; translated by Mary E. Foster. aTokyo :bInternational House of Japan,cc2010. axix, 290 p. :bill. ;c24 cm.1 aLTCB international library selection =vno. 26 aIncludes bibliographical references (p. 273-279) and index. 0aWomenzJapan91708601 aFoster, Mary E.9171901 0aLTCB international library selection ;vno. 26.9171907 2ddccBK c57873d57873 00102ddc40718NFICaRUCLbRUCLcRared2010-09-05ejapan, international house of japang0.00l0o305.452 TON 2010r2016-12-12 00:00:00tC-1w2016-12-12yBK